000 00697nam a22002177a 4500
003 UA-OsUOA
001 105558
007 ta
008 20140312b un ||||| |||| 00| 0 ukr d
100 _aСандугей В.
090 _a330(477)
_bС18
942 _cSA
040 _aUA-OsUOA
_bukr
_cUA-OsUOA
_dUA-OsUOA
245 _aВплив інформаційно-комунікативних технологій на розвиток українського ринку праці
300 _aС.29-35
955 _a0
041 _aukr
080 _a330(477)
773 0 _w105555
_tУкраїна: аспекти праці
_dК.
_d2014
_g1
650 7 _a330 Економіка взагалі
_2UDC
999 _c391875
_d391875